MARC
| LEADER | 00000cam a2200000 7i4500 | ||
|---|---|---|---|
| 001 | 0000005535 | ||
| 005 | 20061205.0 | ||
| 040 | |a INS | ||
| 090 | 0 | 0 | |a HF5681 1985 |
| 245 | 0 | 0 | |a Pementasan Mock Hearing pada 4/7/85 Hakim |c Encik Hamid Embong [video recording] |
| 260 | |a Bangi : |b Inspen , |c 1985 | ||
| 300 | |a 1video cassette(VHS)( ) : |b sd.,col. ; |c 1/2in. | ||
| 650 | 0 | 0 | |a Valuation |
| 999 | |a VHS64 |b VIDEO |c Media Collection |e Default branch | ||